Das Buch Sacharja /

Hlavní autor: Bič, Miloš, 1910-2004
Jazyk: Němčina
Vydáno: Berlin : Evangelische Verlagsanstalt, 1962
Témata:
Fyzický popis: 180 stran
Knihy
Uloženo v:
LEADER 01208nam a22003612i 4500
001 001522535
003 CZ BrMZK
005 20160503073830.0
007 ta
008 160426s1962 gw fr|||||||||||ger d
040 |a BOA001  |b cze  |e rda 
072 7 |a 2-23/-27  |x Bible. Biblistika  |2 Konspekt  |9 5 
080 |a 27-278  |2 MRF 
080 |a 27-277.2  |2 MRF 
080 |a 274/278-1  |2 MRF 
080 |a (0.072)  |2 MRF 
100 1 |a Bič, Miloš,  |d 1910-2004  |7 jk01012008  |4 aut 
245 1 4 |a Das Buch Sacharja /  |c Miloš Bič 
264 1 |a Berlin :  |b Evangelische Verlagsanstalt,  |c 1962 
300 |a 180 stran 
336 |a text  |b txt  |2 rdacontent 
337 |a bez média  |b n  |2 rdamedia 
338 |a svazek  |b nc  |2 rdacarrier 
504 |a Obsahuje bibliografii a bibliografické odkazy 
630 0 7 |a Bible.  |p Zacharjáš  |7 unn2008509043  |2 czenas 
650 0 7 |a biblická teologie  |7 ph118851  |2 czenas 
650 0 7 |a biblická exegeze  |7 ph118844  |2 czenas 
650 0 7 |a protestantská teologie  |7 ph124664  |2 czenas 
655 7 |a komentáře  |7 fd132578  |2 czenas 
910 |a BOA001  |b M2-1366.177 
990 |a BK 
991 |b 201604 
996 7 |b 2610668369  |c M2-1366.177  |l MZK  |r Sklad / do 24 hodin  |n 0  |p dar  |w 001557982  |u 000010  |a 1  |e BOA001  |j MZK50  |s A